000
00311nam a2200109Ia 4500
008
200302s9999 xx 000 0 und d
100
_a
Markus berger and others ed.
245
_a
Intervention Adaptive reuse the Experience economy Vol 6
260
_b
Rhode Island School of Design
260
_c
2015
300
_a
112
999
_c
6199
_d
6199